logo

Bir Sreshtho Munshi Abdur Rouf Library
Jhenaidah Cadet College

বাণী চিরন্তনী / (Record no. 11072)

MARC details
000 -LEADER
fixed length control field 00674nam a2200217 a 4500
001 - CONTROL NUMBER
JCCL Control Number 11072
003 - CONTROL NUMBER IDENTIFIER
JCCL marc code BD-JhCC
005 - DATE AND TIME OF LATEST TRANSACTION
control field 20190728112127.0
008 - FIXED-LENGTH DATA ELEMENTS--GENERAL INFORMATION
fixed length control field 190628b 2016bg |||| ||a| 001 0 ben d
020 ## - INTERNATIONAL STANDARD BOOK NUMBER
International Standard Book Number 9789845233576
035 ## - SYSTEM CONTROL NUMBER
system control number (BD-JhCC)11072
040 ## - CATALOGING SOURCE
Original cataloging agency BD-JhCC
Modifying agency BD-JhCC
041 ## - LANGUAGE CODE
Language code of Book ben
082 ## - DEWEY DECIMAL CLASSIFICATION NUMBER
Classification number 082
Author mark and Year BAN 2016
245 ## - TITLE STATEMENT
Title বাণী চিরন্তনী /
Statement of responsibility, etc সম্পাদনায় : আবদুস সালাম
260 ## - PUBLICATION, DISTRIBUTION, ETC. (IMPRINT)
Place of publication, distribution, etc ঢাকা:
Name of publisher, distributor, etc মাতৃভূমি প্রকাশনী;
Date of publication, distribution, etc ২০১৬.
300 ## - PHYSICAL DESCRIPTION
Pagination ৩৮৪ পৃঃ . :
Dimensions ২২ সেমি.
650 ## - SUBJECT ADDED ENTRY--TOPICAL TERM
Topical term or geographic name as entry element Quotation
942 ## - ADDED ENTRY ELEMENTS (KOHA)
Source of classification or shelving scheme Dewey Decimal Classification
Koha item type Books
Holdings
Source of classification or shelving scheme Damaged status Not for loan Home library Current library Shelving location Date of accession Cost, normal purchase price Full call number Barcode Date last seen Copy number Method of acquisition Koha item type Currency
Dewey Decimal Classification   Not For Loan JCC Rouf Library JCC Rouf Library General Stacks 02/14/2024 400.00 082 BAN 2016 15150 07/28/2019 C-1 Purchase Books BDT

JCC Library | Contacts | JCC Home

Last Update on 23 September 2017
Copyright @ 2017-2020 JCC Rouf Library
Rouf Library, Jhenidah Cadet College (JCC), Bangladesh